Flexibility to combat affordability crisis (Record no. 70317)
[ view plain ]
| 000 -LEADER | |
|---|---|
| fixed length control field | 01089cam a2200217 4500 |
| 001 - CONTROL NUMBER | |
| control field | WB3819-17 |
| 008 - FIXED-LENGTH DATA ELEMENTS--GENERAL INFORMATION | |
| fixed length control field | 020521n2002 000 0 eng u |
| 035 ## - SYSTEM CONTROL NUMBER | |
| System control number | (Sirsi) u118078 |
| 245 ## - TITLE STATEMENT | |
| Title | Flexibility to combat affordability crisis |
| 260 ## - PUBLICATION, DISTRIBUTION, ETC. | |
| Date of publication, distribution, etc. | 2002 |
| 490 ## - SERIES STATEMENT | |
| Series statement | Inside Housing |
| Volume/sequential designation | 17 May 2002, 4(1) |
| 520 ## - SUMMARY, ETC. | |
| Summary, etc. | A report by the National Housing Federation argues that housing associations must be given greater flexibility to tackle the affordable housing crisis. The research into last year's annual development programme bidding round calls for more flexibility on total cost indicator (TCI) costs and for the corporation to accept that its model is not perfect. Summary of "Review and impact assessment of TCI and grant rate changes introduced in the 2002/2003 bid round" available at http://www.housing.org.uk. |
| 590 ## - LOCAL NOTE (RLIN) | |
| Local note | WB |
| 650 ## - SUBJECT ADDED ENTRY--TOPICAL TERM | |
| Topical term or geographic name entry element | SOCIAL HOUSING |
| 650 ## - SUBJECT ADDED ENTRY--TOPICAL TERM | |
| Topical term or geographic name entry element | Affordable housing |
| 9 (RLIN) | 6215 |
| 650 ## - SUBJECT ADDED ENTRY--TOPICAL TERM | |
| Topical term or geographic name entry element | REGISTERED SOCIAL LANDLORDS |
| 650 ## - SUBJECT ADDED ENTRY--TOPICAL TERM | |
| Topical term or geographic name entry element | TOTAL COST INDICATORS |
| 650 ## - SUBJECT ADDED ENTRY--TOPICAL TERM | |
| Topical term or geographic name entry element | NATIONAL HOUSING FEDERATION |
| 690 ## - LOCAL SUBJECT ADDED ENTRY--TOPICAL TERM (OCLC, RLIN) | |
| Topical term or geographic name as entry element | Affordable housing |
| 9 (RLIN) | 6215 |
| 942 ## - ADDED ENTRY ELEMENTS (KOHA) | |
| Suppress in OPAC | 0 |
| Withdrawn status | Lost status | Source of classification or shelving scheme | Damaged status | Not for loan | Home library | Current library | Shelving location | Date acquired | Total Checkouts | Full call number | Barcode | Date last seen | Copy number | Price effective from | Koha item type |
|---|---|---|---|---|---|---|---|---|---|---|---|---|---|---|---|
| Dewey Decimal Classification | London | London | News article | 21/05/2002 | WB3819-17 | 118078-1001 | 06/08/2019 | 1 | 06/08/2019 | News article |